Catalog

Record Details

Catalog Search



Paní Anežka má demenci : příručka pro pečující a rodinné příslušníky nemocných s Alzheimerovou chorobou  Cover Image Book Book

Paní Anežka má demenci : příručka pro pečující a rodinné příslušníky nemocných s Alzheimerovou chorobou / Vanda Franková

Summary:

Alzheimerova demence, od prvních nenápadných příznaků až k pokročilým stadiím. Brožura sleduje vývoj nemoci a problematiku péče, je určená rodinným příslušníkům nemocných s touto chorobou.

Record details

  • ISBN: 978-80-7262-760-8
  • Physical Description: 54 s. ; 19 cm
  • Edition: 2., upr. vyd.
  • Publisher: Praha : Galén, c2011
Subject: pacienti s demencí
Alzheimerova choroba
domácí péče
mentally ill
Alzheimer's disease
home care
Genre: informační publikace
information publications

Available copies

  • 1 of 1 copy available at Common Catalog SPOK.

Holds

  • 0 current holds with 1 total copy.
Show Only Available Copies
Location Call Number / Copy Notes Barcode Shelving Location Status Due Date
Jabok Library SPr-3.5/F 424480035956 Odborná literatura Available -

LDR 01870nam a2200481 a 4500
00119369
003CZ-PrJAB
00520150120093258.0
007ta
008120130s2011 xr e f 000 0 cze
015 . ‡acnb002257807
020 . ‡a978-80-7262-760-8 ‡q(Galén : ‡qbrož.)
035 . ‡a(CZ PrSKC)nkc20112257807
035 . ‡a(OCoLC)780138511
040 . ‡aABA001 ‡bcze ‡dOLA001
072 7. ‡a616.89 ‡xPsychiatrie ‡2Konspekt ‡914
080 . ‡a616.892/.894-052 ‡2MRF
080 . ‡a616.831-003.8+616.892/.894 ‡2MRF
080 . ‡a649.8 ‡2MRF
080 . ‡a(036) ‡2MRF
1001 . ‡aFranková, Vanda, ‡d1967- ‡7xx0065845 ‡4aut
24510. ‡aPaní Anežka má demenci : ‡bpříručka pro pečující a rodinné příslušníky nemocných s Alzheimerovou chorobou / ‡cVanda Franková
250 . ‡a2., upr. vyd.
260 . ‡aPraha : ‡bGalén, ‡cc2011
300 . ‡a54 s. ; ‡c19 cm
520 . ‡aAlzheimerova demence, od prvních nenápadných příznaků až k pokročilým stadiím. Brožura sleduje vývoj nemoci a problematiku péče, je určená rodinným příslušníkům nemocných s touto chorobou.
65007. ‡apacienti s demencí ‡7ph139028 ‡2czenas
65007. ‡aAlzheimerova choroba ‡7ph117324 ‡2czenas
65007. ‡adomácí péče ‡7ph201876 ‡2czenas
65009. ‡amentally ill ‡2eczenas
65009. ‡aAlzheimer's disease ‡2eczenas
65009. ‡ahome care ‡2eczenas
655 7. ‡ainformační publikace ‡7fd132454 ‡2czenas
655 9. ‡ainformation publications ‡2eczenas
900 . ‡aABA001 ‡b17
910 . ‡aABG312
901 . ‡a19369 ‡b ‡c19369 ‡tbiblio

Additional Resources